000 01816nam2a22003011 4500
001 rc\40979
005 20250620193051.0
010 _a5-280-02046-X
_925000
035 _a(NLR Aleph) 005385964
090 _a7145867
_c7145867
100 _a20021216d1994 |||y0rusy50 ca
101 0 _arus
102 _aRU
105 _ay |||||||||
200 1 _aАлые паруса
_aБлистающий мир
_aЗолотая цепь
_aСокровище африканских гор
_eРоманы
_f[Сост. с науч. подгот. текста В. Россельса
_gПримеч. А. Ревякиной]
210 _d1994
_aБ. м.
215 _a541, [2] с.
320 _aБиблиогр. в примеч.: с. 513-541
327 0 _aВ прил.: ...Сочинительство всегда было внешней моей профессией; Мотылек медной иглы
461 0 _1001rc\40975
_12001#$aСобрание сочинений$eВ 5 т.$fА.С. Грин$g[Вступ. ст., с. 5-36, сост. В. Ковского$gПримеч. А. Ревякиной]$vТ. 4
_1700#1$aГрин$bА.С.$gАлександр Степанович$f1880-1932$3RU\NLR\AUTH\7712241
_97145831
_aГрин, А. С. (1880-1932)
_cМ.
_d1991-
_fА.С. Грин
_nХудож. лит.
_oВ 5 т.
_tСобрание сочинений
_y5280016098
_vТ. 4
464 0 _12001#$aˆ...‰Сочинительство всегда было внешней моей профессией
_tˆ...‰Сочинительство всегда было внешней моей профессией
464 0 _12001#$aМотылек медной иглы
_tМотылек медной иглы
801 0 _aRU
_bNLR
_gpsbo
801 1 _aRU
_bELAR
_2rusmarc
852 _aNLR
_j91-3/1183
942 _cBOOK
980 _aNB